Parwarash-I-Lradeh. (Record no. 3799)
[ view plain ]
| 000 -LEADER | |
|---|---|
| fixed length control field | 00557nam a2200241 a 4500 |
| 020 ## - INTERNATIONAL STANDARD BOOK NUMBER | |
| ISBN | |
| 082 00 - DEWEY DECIMAL CLASSIFICATION NUMBER | |
| Classification number | 170 |
| Author Cutter | GAN |
| 100 ## - MAIN ENTRY--AUTHOR NAME | |
| Author name | Ganabadi, Parveen |
| 245 ## - TITLE STATEMENT | |
| Title | Parwarash-I-Lradeh. |
| 260 ## - PUBLICATION, DISTRIBUTION, ETC. (IMPRINT) | |
| Place of publication | Nagpur |
| Name of publisher | |
| Year of publication | 1314 |
| 300 ## - PHYSICAL DESCRIPTION | |
| Number of Pages | 67p |
| 500 ## - GENERAL NOTE | |
| General note | includes index and biblioraphy |
| 505 2# - FORMATTED CONTENTS NOTE | |
| Formatted contents note | Hand Written Manuscript |
| 650 ## - SUBJECT ADDED ENTRY--TOPICAL TERM | |
| Topical Term | Ethics |
| 942 ## - ADDED ENTRY ELEMENTS (KOHA) | |
| Koha item type | Books |
| 700 1# - | |
| -- | Ganabadi, Parveen |
| Collection code | Home library | Current library | Date acquired | Cost, normal purchase price | Full call number | Accession Number | Koha item type |
|---|---|---|---|---|---|---|---|
| Henry Martyn Institute Library | Henry Martyn Institute Library | 03/15/2007 | 100.00 | 170 GAN | 05031 | Books |
